000
00234nam a22001097a 4500
003
OSt
008
250107b |||||||| |||| 00| 0 eng d
041
_a
eng
245
_a
Gavya Shastram
260
_b
Kerala Bhasha Institute
942
_c
BK
999
_c
18967
_d
18967